Catalog

Record Details

Catalog Search



Tightrope  Cover Image Book Book

Tightrope / Amanda Quick.

Quick, Amanda, (author.).

Summary:

"An unconventional woman and a man shrouded in mystery walk a tightrope of desire as they race against a killer to find a machine that could change the world"-- Provided by publisher.

Record details

  • ISBN: 9780399585364
  • ISBN: 0399585362
  • Physical Description: 309 pages ; 24 cm
  • Edition: First edition.
  • Publisher: New York : Berkley, an imprint of Penguin Random House LLC, [2019]
Subject: Man-woman relationships > Fiction.
Haunted houses > Fiction.
Haunted places > Fiction.
Lost articles > Fiction.
Murder > Investigation > Fiction.
Robots > Fiction.
Genre: Thrillers (Fiction)
Romance fiction.

Available copies

  • 1 of 1 copy available at scottsboropl.

Holds

  • 0 current holds with 1 total copy.
Show Only Available Copies
Location Call Number / Copy Notes Barcode Shelving Location Status Due Date
scottsboropl F Qui 32269001110637 Adult - Fiction Available -

LDR 01487nam a22003978i 4500
001150865
003CONS
00520190507135324.0
008181207t20192019nyu 000 1 eng
010 . ‡a 2018056039
020 . ‡a9780399585364 ‡q(hardcover)
020 . ‡a0399585362 ‡q(hardcover)
035 . ‡a(CPomAG)LMN612086
042 . ‡apcc
05000. ‡aPS3561.R44 ‡bT544 2019
08200. ‡a813/.6 ‡223
1001 . ‡aQuick, Amanda, ‡eauthor.
24510. ‡aTightrope / ‡cAmanda Quick.
250 . ‡aFirst edition.
264 1. ‡aNew York : ‡bBerkley, an imprint of Penguin Random House LLC, ‡c[2019]
300 . ‡a309 pages ; ‡c24 cm
336 . ‡atext ‡btxt ‡2rdacontent
337 . ‡aunmediated ‡bn ‡2rdamedia
338 . ‡avolume ‡bnc ‡2rdacarrier
520 . ‡a"An unconventional woman and a man shrouded in mystery walk a tightrope of desire as they race against a killer to find a machine that could change the world"-- ‡cProvided by publisher.
650 0. ‡aMan-woman relationships ‡vFiction.
650 0. ‡aHaunted houses ‡vFiction.
650 0. ‡aHaunted places ‡vFiction.
650 0. ‡aLost articles ‡vFiction.
650 0. ‡aMurder ‡xInvestigation ‡vFiction.
650 0. ‡aRobots ‡vFiction.
655 7. ‡aThrillers (Fiction) ‡2lcgft
655 7. ‡aRomance fiction. ‡2lcgft
914 . ‡aSCP_LP
959 . ‡i32269001110637 ‡lF Qui ‡aAdult - Fiction ‡tHardback ‡g28.00
852 . ‡p32269001110637 ‡jF Qui ‡gAdult - Fiction ‡cHardback ‡y28.00 ‡bSBPL
901 . ‡a150865 ‡bUnknown ‡c150865 ‡tbiblio

Additional Resources